000 00421nam a22001697a 4500
003 MPLRDC
005 20220104143004.0
008 210129b ||||| |||| 00| 0 eng d
082 _a859.4 THW v.8 c.3
100 _a
245 _a玛丽, 波平斯阿姨
_c
260 _a
_b翰林文化出版(马)有限公司
_c
300 _b
490 _a童话屋; 8
650 _a儿童故事
942 _cBK
_o859.4 THW v.8 c.3
999 _c35552
_d35542